Tepelský knihovník a hudební skladatel Václav Jaroslav Vacek, O.Praem

Titel: Tepelský knihovník a hudební skladatel Václav Jaroslav Vacek, O.Praem / Jana Chaloupková
Verfasser:
In: Muzeum Cheb: Sborník Chébskeho Muzea, (1998), Seite 101-123
alle Artikel anzeigen
Veröffentlicht: 1998 [vyd. 1999]
Format: Aufsatz
Sprache: Tschechisch
Schlagworte:
Kein Bild verfügbar
X
alg: 39297931
001A    $01999:11-11-16 
001B    $03025:27-03-26 $t11:38:12.000 
001C    $06050:19-11-16 $t22:36:47.000 
001D    $01999:11-11-16 
001U    $0utf8 
001X    $00 
002@    $0Aox 
003@    $0392979314 
007A    $0392979314 $aHEB 
007T    $0Herdp16399 
010@    $acze 
011@    $a1998 $n1998 [vyd. 1999] 
021A    $aTepelský knihovník a hudební skladatel Václav Jaroslav Vacek, O.Praem $hJana Chaloupková 
028A    $71394233825 $8Chaloupková, Jana [Tp3] $9543257150 
031A    $h101-123 $j1998 
037A    $aRés. něm. s. 122-123: Bibliothekar und Komponist des Stifts Tepl Václav Jaroslav Vacek 
039B    $aIn $8--Abvc--Muzeum Cheb [Tb1]. Sborník Chébskeho Muzea. - Cheb : Muzeum, 1993-2006. - ISSN 1211-9210 $x199800000000000899 $9070513341 
044K    $71394221126 $8Vacek, Jaroslav Václav [Tp3] $9543255344 
044K    $RStift Tepl $#Prämonstratenserkloster Tepl $#Prämonstratenserstift Tepl $#Premonstrátský Klášter Tepl $#Monasterium Teplense Ordinis Praemonstratensis $#Stift Tepl $#Teplá Monastery $#Premonstratensian Abbey Teplá $76024385-5 $8Klášter Premonstrátů$gTepl [Tb1] $910088508X 
044K    $RStift Tepl $RKlášter Premonstrátů $#Stift Tepl, Bibliothek $71703972-1 $8Stiftsbibliothek$gTepl [Tb1] $9095580557 
045F    $a200.943710904 $eDDC23BSB 
045F/01 $a200.9 
045F/03 $f0904 
045F/03 $f09034 
045F/03 $g4371 
045T    $a9,10 $a7,41 

lok: 39297931 78

exp: 39297931 78 1 #EPN
201B/01 $026-11-17 $t01:20:43.000 
201U/01 $0utf8 
203@/01 $0789089629 
208@/01 $a11-11-16 $be 
209A/01 $a/ $f000 $x00 
220C/01 $aHerkunft: Hú Av Čr Praha 
244Z/01 $#Tschechien $#Tschechische Republik $#Tschechien $#Tschechische Republik $#Tschechenland $#Tschechei Tschechien $#Česká Republika $#Czech Republic $#ČR $74303381-7 $8--Tg1--Tschechien $x01 $9086659812 
244Z/01 $2Trx $#Böhmen $#Bohemia $#Czechy $8--Trx--Čechy $x02 $9391188941 
244Z/01 $2Trx $#Tepl Karlsbad $#Tepl Stift $#Teplá klášter;Teplá $8--Trx--Teplá$gKarlovy Vary $x03 $9391352202 
244Z/01 $aGeschichte 1865-1935 $x04 
244Z/01 $2Trx $#raamatukogutöötajad $#bibliotekininkai $#librarians $#könyvtárosok $#bibliotekarze $#knihovníci $#knihovníci $8--Trx--Bibliothekare $x05 $9391369334 
244Z/01 $2Trx $#heliloojad $#kompozitoriai $#composers $#zeneszerzök $#kompozytorzy $#skladatelia $#skladatelé $8--Trx--Komponisten $x06 $9391353837 
244Z/01 $2Trx $#abtid $#abatai $#abbots $#apátok $#opaci $#opáti $#opati $#abatyše $8--Trx--Äbte $x07 $9391354264 
244Z/01 $2Trx $#ordud premonstraatlased $#ordinas norbertinų $#order Premonstratensians $#szerzetesrendek Premontrei szerzetesek $#zakony, norbertanie $#rád, premonštráti $#řád, premonstráti $#Prämonstratenser $#premonstratensi $#norbertanie $#premonštráti $#premonstráti $8--Trx--Orden$gPrämonstratenser $x08 $9391375741 
244Z/01 $2Trx $#raamatukogud kiriklikud $#bibliotekos, bažnyčių $#Libraries ecclesiastical $#könyvtárak egyházi $#biblioteki kościelne $#knižnice cirkevné $#knihovny církevní $8--Trx--Bibliotheken$gkirchliche $x09 $9391370308 
244Z/01 $2Trx $8--Trx--Zeitschriftenaufsatz $x10 $9391384341 
247C/01 $82080>Marburg/Lahn, Herder-Institut, Forschungsbibliothek, Bibliographieportal $9336309341
LEADER 00000caa a22000002c 4500
001 392979314
003 DE-603
005 20260327113812.0
007 tu
008 161111s1998 xx |||| | u00||u|cze c
035 |a (DE-599)HEB392979314 
040 |a DE-603  |b ger  |c DE-603  |d DE-603 
041 |a cze 
082 0 4 |8 1\u  |a 200.943710904  |q DE-101  |2 23/BSB 
084 |a 9,10  |a 7,41  |2 ssgn 
085 |8 1\u  |b 200.9 
085 |8 1\u  |z 1  |s 0904 
085 |8 1\u  |z 1  |s 09034 
085 |8 1\u  |z 2  |s 4371 
100 1 |a Chaloupková, Jana  |0 (DE-603)543257150  |0 (DE-588)1394233825  |2 gnd 
245 0 0 |a Tepelský knihovník a hudební skladatel Václav Jaroslav Vacek, O.Praem  |c Jana Chaloupková 
264 0 |c 1998 [vyd. 1999] 
500 |a Rés. něm. s. 122-123: Bibliothekar und Komponist des Stifts Tepl Václav Jaroslav Vacek 
600 1 7 |a Vacek, Jaroslav Václav  |0 (DE-588)1394221126  |0 (DE-603)543255344  |2 gnd 
610 1 7 |a Klášter Premonstrátů  |g Tepl  |2 gnd  |0 (DE-588)6024385-5  |0 (DE-603)10088508X 
610 1 7 |a Stiftsbibliothek  |g Tepl  |2 gnd  |0 (DE-588)1703972-1  |0 (DE-603)095580557 
773 0 8 |i In  |a Muzeum Cheb  |t Sborník Chébskeho Muzea  |d Cheb : Muzeum, 1993-2006  |x 1211-9210  |g (1998), Seite 101-123  |w (DE-603)070513341  |w (DE-600)1353473-7 
924 0 |9 2080  |a (DE-603)789089629  |b DE-2080  |c HES  |d d  |g /